000 00607cam a22002171 4500
001 sa 63003215
003 DLC
005 20260227111940.0
008 940921s1962 ii 000 0 beno
010 _asa 63003215
035 _a(OCoLC)31150514
040 _aDLC
_cCU
_dCU
_dDLC
050 0 0 _aPK1718.B39
_bN5
100 1 _aBasu, Samareśa,
_d1924-1988.
245 1 0 _aNiẏatira putula.
260 _c[1962]
300 _a139 p.
_c18 cm.
500 _aIn Bengali.
500 _aBased on Agatha Christie's And then there were none.
700 1 _aChristie, Agatha,
_d1890-1976.
_tAnd then there were none.
999 _c54955
_d54955